000 00705 a2200229 4500
003 CBULib
005 20241016080917.0
008 241016b |||||||| |||| 00| 0 eng d
020 _a9780571345960
040 _aCBULib
_bEnglish
_cCBULib
_erda
050 _aRC 514 .F47
100 _aFiler, Nathan
_93719
245 _aThe heartland : finding and losing schizophrenia
_c/ by Nathan Filer
260 _bFaber and Faber,
_c2019.
_aLondon :
300 _a246 pages
336 _2rdacontent
_aText |
_btxt
337 _2rdamedia
_aUnmediated |
_bn
338 _2rdacarrier
_aVolume
_bnc
504 _aIncludes bibliographical references.
650 0 _93720
_aSCHIZOPHRENIA--POPULAR WORKS
942 _2lcc
_c002
999 _c85361
_d85361